[Event "Andalucia-ch U18"]
[Site "Almeria"]
[Date "2011.04.18"]
[Round "5.8"]
[White "Suarez Martin, Ignacio"]
[Black "Salido Polo, Veronica"]
[Result "1-0"]
[WhiteElo "1758"]
[BlackElo "2019"]
[PlyCount "61"]
[EventDate "2011.04.16"]
[EventType "swiss"]
[EventRounds "8"]
[EventCountry "ESP"]
[SourceTitle "EXT 2024"]
[Source "ChessBase"]
[SourceDate "2023.10.10"]
[SourceVersion "1"]
[SourceVersionDate "2023.10.10"]
[SourceQuality "1"]

1. c4 Nf6 2. Nc3 g6 3. Nf3 Bg7 4. d4 0-0 5. g3 d6 6. Bg2 Nbd7 7. 0-0 a5 8. h3 c5 9. e4 cxd4 10. Nxd4 Nc5 11. Be3 Qb6 12. Qe2 a4 13. Rac1 Bd7 14. Rfd1 Bc6 15. Nd5 Bxd5 16. exd5 Rfc8 17. h4 h5 18. f3 Kh7 19. Kh2 Qa6 20. Nb5 Ncd7 21. Bh3 Qa5 22. Rc2 Re8 23. Bd2 Qd8 24. Bb4 b6 25. Nd4 Ne5 26. Kg2 Qc7 27. Nb5 Qb7 28. Bc3 Ned7 29. b4 axb3 30. axb3 Ne5 31. b4 1-0

[Event "Andalucia-ch U18"]
[Site "Almeria"]
[Date "2011.04.17"]
[Round "2.15"]
[White "Leon Acosta, Miguel"]
[Black "Suarez Martin, Ignacio"]
[Result "1-0"]
[WhiteElo "1660"]
[BlackElo "1758"]
[PlyCount "40"]
[EventDate "2011.04.16"]
[EventType "swiss"]
[EventRounds "8"]
[EventCountry "ESP"]
[SourceTitle "EXT 2024"]
[Source "ChessBase"]
[SourceDate "2023.10.10"]
[SourceVersion "1"]
[SourceVersionDate "2023.10.10"]
[SourceQuality "1"]

1. Nf3 f5 2. e4 fxe4 3. Ng5 Nf6 4. d3 h6 5. Nxe4 g6 6. Nxf6+ exf6 7. d4 d5 8. Bd3 Kf7 9. 0-0 c6 10. f4 f5 11. Nd2 Bd6 12. Nf3 Kg7 13. Ne5 h5 14. Rf3 Bxe5 15. fxe5 Be6 16. Be3 Nd7 17. Qd2 c5 18. dxc5 Kf7 19. Bd4 Rf8 20. b4 Kg7 1-0